00471nam a2200157Ia 450000500170000000800410001708200130005810000140007124500100008526000470009530000180014250000330016094200060019395200990019999900150029820250317050516.0240331s9999 xx 000 0 und d bDANa894 aDaniel, K 0aKanal aColombobPoobalasingam Puthagasalaic1993 aXiv, 232 p ., aA Novel Based on Caste issue cL 001040708LaWERCLbWERCLcSSCd2024-03-31l0o 894.811 DANp2140r2024-03-31w2024-03-31yL c3968d3968